<?xml version="1.0" encoding="UTF-8"?>
<record
    xmlns:xsi="http://www.w3.org/2001/XMLSchema-instance"
    xsi:schemaLocation="http://www.loc.gov/MARC21/slim http://www.loc.gov/standards/marcxml/schema/MARC21slim.xsd"
    xmlns="http://www.loc.gov/MARC21/slim">

  <leader>00855naa a22001697i 4500</leader>
  <controlfield tag="001">8328</controlfield>
  <controlfield tag="003">KOSZ 005</controlfield>
  <controlfield tag="005">20180414113947.0</controlfield>
  <controlfield tag="008">160308s2011    pl  ||||| ||||0|| 0 pol  </controlfield>
  <datafield tag="035" ind1=" " ind2=" ">
    <subfield code="a">PBN-R:246015</subfield>
  </datafield>
  <datafield tag="040" ind1=" " ind2=" ">
    <subfield code="c">KOSZ 005/md</subfield>
    <subfield code="a">PBN-ID</subfield>
    <subfield code="d">KOSZ 005/HR</subfield>
  </datafield>
  <datafield tag="041" ind1="0" ind2=" ">
    <subfield code="a">pol</subfield>
  </datafield>
  <datafield tag="100" ind1="1" ind2=" ">
    <subfield code="a">NADOLNY, Krzysztof.</subfield>
    <subfield code="d">2006 - .</subfield>
    <subfield code="b">Politechnika Koszali&#x144;ska - Wydzia&#x142; Mechaniczny,</subfield>
    <subfield code="c">Katedra In&#x17C;ynierii Produkcji</subfield>
  </datafield>
  <datafield tag="245" ind1="1" ind2="0">
    <subfield code="a">Analiza zu&#x17C;ycia czynnej powierzchni &#x15B;ciernicy z ziarnami mikrokrystalicznego korundu spiekanego w procesie szlifowania wg&#x142;&#x119;bnego walcowych powierzchni wewn&#x119;trznych /</subfield>
    <subfield code="c">Krzysztof Nadolny.</subfield>
  </datafield>
  <datafield tag="773" ind1="0" ind2="8">
    <subfield code="i">W :</subfield>
    <subfield code="t">Obr&#xF3;bka &#x15B;cierna : wsp&#xF3;&#x142;czesne problemy / pod red. Adama Barylskiego. -</subfield>
    <subfield code="d">Gda&#x144;sk : Katedra Technologii Maszyn i Automatyzacji Produkcji, Politechnika Gda&#x144;ska, 2011. -</subfield>
    <subfield code="z">9788388579721 </subfield>
    <subfield code="g">s. 69-80.</subfield>
  </datafield>
  <datafield tag="942" ind1=" " ind2=" ">
    <subfield code="c">ROZ</subfield>
    <subfield code="2">UKD</subfield>
  </datafield>
  <datafield tag="999" ind1=" " ind2=" ">
    <subfield code="c">8328</subfield>
    <subfield code="d">8328</subfield>
  </datafield>
</record>
